Four views on moving beyond the Bible to theology (Record no. 1143)
[ view plain ]
| 000 -LEADER | |
|---|---|
| fixed length control field | 00589nam a2200205Ia 4500 |
| 003 - CONTROL NUMBER IDENTIFIER | |
| control field | OSt |
| 005 - DATE AND TIME OF LATEST TRANSACTION | |
| control field | 20200731221917.0 |
| 008 - FIXED-LENGTH DATA ELEMENTS--GENERAL INFORMATION | |
| fixed length control field | 200731s9999 xx 000 0 und d |
| 040 ## - CATALOGING SOURCE | |
| Transcribing agency | GETS |
| 041 ## - LANGUAGE CODE | |
| Language code of text/sound track or separate title | eng |
| 050 ## - LIBRARY OF CONGRESS CALL NUMBER | |
| Classification number | BS538.3 |
| Item number | .F68 2009 |
| 100 ## - MAIN ENTRY--PERSONAL NAME | |
| Personal name | Meadors, Gary T. |
| 245 ## - TITLE STATEMENT | |
| Title | Four views on moving beyond the Bible to theology |
| Remainder of title | / |
| Statement of responsibility, etc. | Gary T. Meadors, Walter C. Kaiser Jr. |
| 260 ## - PUBLICATION, DISTRIBUTION, ETC. | |
| Place of publication, distribution, etc. | Grand Rapids, Mich. : |
| Name of publisher, distributor, etc. | Zondervan, |
| Date of publication, distribution, etc. | 2009 |
| 300 ## - PHYSICAL DESCRIPTION | |
| Extent | 371 p. |
| Other physical details | ; |
| Dimensions | 21 cm. |
| 650 ## - SUBJECT ADDED ENTRY--TOPICAL TERM | |
| Topical term or geographic name entry element | Bible Hermeneutics. |
| 650 ## - SUBJECT ADDED ENTRY--TOPICAL TERM | |
| Topical term or geographic name entry element | Bible Use. |
| 700 ## - ADDED ENTRY--PERSONAL NAME | |
| Personal name | Kaiser Jr., Walter C. |
| 942 ## - ADDED ENTRY ELEMENTS (KOHA) | |
| Koha item type | English Books |
| Withdrawn status | Lost status | Source of classification or shelving scheme | Damaged status | Not for loan | Home library | Current library | Shelving location | Date acquired | Total Checkouts | Total Renewals | Full call number | Barcode | Date last seen | Date last checked out | Price effective from | Koha item type |
|---|---|---|---|---|---|---|---|---|---|---|---|---|---|---|---|---|
| Library of Congress Classification | GETS Theological Seminary Library | GETS Theological Seminary Library | General Stacks | 07/31/2020 | 1 | 2 | BS538.3 .F68 2009 | 00000733 | 04/02/2024 | 10/16/2023 | 07/31/2020 | English Books |